Airlines operating at Munich Airport - Statistics

General Stats
  • This quiz has been taken 193 times
    156 since last reset
  • The average score is 31 of 59
Answer Stats
Answer % Correct
Lufthansa
97%
KLM
93%
British Airways
92%
Air France
91%
American Airlines
89%
Emirates
89%
Iberia
89%
Swiss
88%
Delta
85%
TAP
85%
United Airlines
85%
Turkish Airlines
84%
SAS
81%
Etihad Airways
80%
Qatar Airways
80%
LOT Polish Airlines
77%
Aegean Airlines
76%
Aer Lingus
76%
Air Canada
74%
easyJet
74%
Brussels Airlines
72%
Finnair
70%
Eurowings
69%
Ita Airways
68%
Air Baltic
65%
Egypt Air
62%
EL AL
62%
Saudia
58%
Norwegian Air Sweden
57%
Singapore Airlines
54%
Croatia Airlines
53%
Luxair
50%
Condor
49%
Icelandair
49%
Tarom
49%
Thai Airways
46%
Oman Air
41%
Vueling
41%
Air Malta
39%
Kuwait Airways
39%
Pegasus Airlines
39%
TUIfly
38%
Tunis Air
38%
Air Dolomiti
36%
Air Europa
36%
Sun Express
35%
EVA Air
23%
Corendon
20%
Air Cairo
16%
Austrian Airways
12%
Eurowings Discover
11%
Marabu
7%
SundAir
7%
Enter Air
4%
European Air Charter
4%
Somon Air
4%
Air Alsie
1%
Freebird Airlines
1%
SmartLynx Airlines
1%
No matching quizzes found
Score Distribution
Percent of People with Each Score
Percentile by Number Answered
Your Score History
You have not taken this quiz since the last reset